Política de vinculación con el medio: Decreto de Rectoría Académico Nº 001-2015
Gorde:
| Erakunde egilea: | |
|---|---|
| Formatua: | Liburua |
| Hizkuntza: | gaztelania |
| Argitaratua: |
Valparaíso
Dirección General de Vinculación con el Medio PUCV
2017
|
| Edizioa: | 1a. ed |
| Gaiak: | |
| Etiketak: |
Etiketa erantsi
Etiketarik gabe, Izan zaitez lehena erregistro honi etiketa jartzen!
|
MARC
| LEADER | 00000cam a2200000 a 4500 | ||
|---|---|---|---|
| 001 | UCC5715 | ||
| 003 | CL-VaPUC | ||
| 008 | 181026e20170000cl |||||||||||||||||spa|d | ||
| 082 | 0 | 4 | |a 378 |b PON |2 21 |
| 110 | 2 | |a Pontificia Universidad Católica de Valparaíso |e author |9 600038 | |
| 245 | 1 | 0 | |a Política de vinculación con el medio: Decreto de Rectoría Académico Nº 001-2015 |
| 250 | |a 1a. ed | ||
| 300 | |a 20 p | ||
| 942 | |c BK | ||
| 945 | |d 20181026 16:22:00 |a dcastane | ||
| 260 | |a Valparaíso |b Dirección General de Vinculación con el Medio PUCV |c 2017 | ||
| 650 | 0 | |a Educación superior |9 223851 | |
| 650 | 0 | |a Universidades chilenas |9 407335 | |
| 650 | 7 | |a POLITICA UNIVERSITARIA |2 CL-VaPUC |9 545690 | |
| 583 | |a last modification |c 20181026 16:22:00 |k Rodrigo Vera | ||
| 999 | |c 372833 |d 372831 | ||
| 952 | |0 0 |1 0 |3 erb |4 0 |6 378_000000000000000_PON_2017 |7 0 |8 X |9 490688 |a FDOBUD |b FDOBUD |i 5501091 |o 378 PON 2017 |p 5501091 |r 2019-11-24 |w 2019-11-24 |y BK_X |z Catalogado en:20181026 |k FHP | ||